[Event "Turniej Przyjazni Polsko-Wegierskiej"]
[Site "Katowice"]
[Date "2018.05.05"]
[Round "3.1"]
[White "Kruszynski, Wlodzimierz"]
[Black "Piorun, Kacper"]
[Result "0-1"]
[BlackElo "2639"]
[WhiteElo "2143"]
[LiveChessVersion "1.4.8"]

1. e4 {[%clk 0:15:10]} g6 {[%clk 0:15:17]} 2. d4 {[%clk 0:15:17]} Bg7
{[%clk 0:15:26]} 3. Nf3 {[%clk 0:15:12]} d6 {[%clk 0:15:32]} 4. Bc4
{[%clk 0:14:56]} c6 {[%clk 0:15:08]} 5. O-O {[%clk 0:14:16]} d5 {[%clk 0:15:14]}
6. exd5 {[%clk 0:14:12]} cxd5 {[%clk 0:15:22]} 7. Bb3 {[%clk 0:13:39]} Nf6
{[%clk 0:15:25]} 8. Bg5 {[%clk 0:13:08]} O-O {[%clk 0:15:00]} 9. Nc3
{[%clk 0:11:05]} e6 {[%clk 0:13:42]} 10. Re1 {[%clk 0:10:57]} Nc6
{[%clk 0:13:21]} 11. Qd2 {[%clk 0:10:39]} Qb6 {[%clk 0:12:04]} 12. Rad1
{[%clk 0:10:15]} Na5 {[%clk 0:10:22]} 13. Qf4 {[%clk 0:08:48]} Nh5
{[%clk 0:09:40]} 14. Qh4 {[%clk 0:08:26]} Nxb3 {[%clk 0:09:33]} 15. axb3
{[%clk 0:08:17]} h6 {[%clk 0:09:34]} 16. Bxh6 {[%clk 0:07:06]} Bxh6 17. g4 Qd8
{[%clk 0:09:21]} 18. Qxd8 {[%clk 0:05:57]} Rxd8 {[%clk 0:09:30]} 19. gxh5
{[%clk 0:06:06]} g5 {[%clk 0:09:14]} 20. h4 {[%clk 0:04:45]} gxh4
{[%clk 0:09:03]} 21. Nxh4 {[%clk 0:04:45]} Bd7 {[%clk 0:09:12]} 22. Nf3
{[%clk 0:04:00]} f6 {[%clk 0:08:57]} 23. Ne2 {[%clk 0:03:55]} Rdc8
{[%clk 0:08:37]} 24. c3 {[%clk 0:04:03]} Kf7 {[%clk 0:08:29]} 25. Kh1
{[%clk 0:03:39]} Bb5 {[%clk 0:07:08]} 26. Ng3 {[%clk 0:03:39]} a5
{[%clk 0:06:58]} 27. Kg2 {[%clk 0:03:27]} Rg8 {[%clk 0:06:25]} 28. Kh3 Bf4
{[%clk 0:06:06]} 29. Rh1 {[%clk 0:01:47]} Bxg3 {[%clk 0:05:48]} 30. fxg3
{[%clk 0:01:46]} Be2 {[%clk 0:05:56]} 31. Nh4 {[%clk 0:01:45]} Bg4+
{[%clk 0:05:57]} 32. Kg2 {[%clk 0:01:51]} Bxd1 {[%clk 0:06:05]} 33. Rxd1
{[%clk 0:02:01]} Rg5 {[%clk 0:06:12]} 34. Ng6 {[%clk 0:01:44]} Rxh5
{[%clk 0:06:16]} 35. Nf4 {[%clk 0:01:53]} Rg5 {[%clk 0:05:47]} 36. Ra1
{[%clk 0:01:15]} b6 {[%clk 0:05:14]} 37. Re1 {[%clk 0:01:09]} Rag8
{[%clk 0:05:21]} 38. Re3 {[%clk 0:01:16]} Re8 {[%clk 0:05:22]} 39. c4
{[%clk 0:00:52]} dxc4 {[%clk 0:05:05]} 40. bxc4 {[%clk 0:01:01]} b5
{[%clk 0:04:23]} 41. c5 {[%clk 0:00:38]} e5 {[%clk 0:04:06]} 42. Nh3
{[%clk 0:00:43]} Rg4 {[%clk 0:04:14]} 43. d5 {[%clk 0:00:23]} Rc8
{[%clk 0:03:58]} 44. Nf2 {[%clk 0:00:26]} Rd4 {[%clk 0:03:51]} 45. Ne4
{[%clk 0:00:25]} Rxe4 {[%clk 0:03:42]} 46. Rxe4 {[%clk 0:00:33]} Rxc5
{[%clk 0:03:51]} 0-1

[Event "Turniej Przyjazni Polsko-Wegierskiej"]
[Site "Katowice"]
[Date "2018.05.05"]
[Round "3.2"]
[White "Socko, Bartosz"]
[Black "Chylewski, Patryk"]
[Result "1-0"]
[BlackElo "2128"]
[WhiteElo "2630"]
[LiveChessVersion "1.4.8"]

1. d4 {[%clk 0:15:19]} d5 {[%clk 0:15:19]} 2. c4 {[%clk 0:15:27]} e6
{[%clk 0:15:28]} 3. Nc3 {[%clk 0:15:36]} a6 {[%clk 0:15:37]} 4. cxd5
{[%clk 0:15:28]} exd5 {[%clk 0:15:45]} 5. g3 {[%clk 0:15:36]} c6 {[%clk 0:15:37]}
6. Bg2 {[%clk 0:15:45]} Nf6 {[%clk 0:15:45]} 7. Nf3 {[%clk 0:15:49]} Be6
{[%clk 0:15:45]} 8. Qb3 {[%clk 0:15:24]} b5 {[%clk 0:14:38]} 9. O-O
{[%clk 0:15:19]} Nbd7 {[%clk 0:14:42]} 10. Ng5 {[%clk 0:14:48]} Bg4
{[%clk 0:10:02]} 11. e4 {[%clk 0:14:52]} h6 {[%clk 0:09:58]} 12. exd5
{[%clk 0:14:53]} hxg5 {[%clk 0:08:55]} 13. Re1+ {[%clk 0:13:55]} Be7
{[%clk 0:08:52]} 14. d6 {[%clk 0:14:04]} Be6 {[%clk 0:08:17]} 15. dxe7
{[%clk 0:13:50]} Qxe7 {[%clk 0:08:15]} 16. Qd1 {[%clk 0:12:09]} Nd5
{[%clk 0:03:53]} 17. Nxd5 {[%clk 0:11:22]} cxd5 {[%clk 0:04:01]} 18. Bxd5
{[%clk 0:11:20]} O-O-O {[%clk 0:04:08]} 19. Bg2 {[%clk 0:10:23]} Nb6
{[%clk 0:03:34]} 20. a4 {[%clk 0:10:29]} bxa4 {[%clk 0:02:54]} 21. d5
{[%clk 0:10:03]} Qc7 {[%clk 0:02:27]} 22. Bxg5 {[%clk 0:09:35]} Rxd5
{[%clk 0:01:58]} 23. Bxd5 {[%clk 0:09:42]} Bxd5 {[%clk 0:02:07]} 24. Rc1
{[%clk 0:09:45]} Bc4 {[%clk 0:02:12]} 25. Be3 {[%clk 0:09:26]} Nd7
{[%clk 0:01:03]} 26. Qg4 {[%clk 0:09:20]} 1-0

[Event "Turniej Przyjazni Polsko-Wegierskiej"]
[Site "Katowice"]
[Date "2018.05.05"]
[Round "3.3"]
[White "Krasenkow, Michal"]
[Black "Dzierzak, Radoslaw"]
[Result "1-0"]
[BlackElo "2109"]
[WhiteElo "2546"]
[LiveChessVersion "1.4.8"]

1. d4 {[%clk 0:15:18]} Nf6 {[%clk 0:15:19]} 2. c4 {[%clk 0:15:28]} e6
{[%clk 0:15:27]} 3. Nf3 {[%clk 0:15:34]} Bb4+ {[%clk 0:15:36]} 4. Nbd2
{[%clk 0:15:43]} b6 {[%clk 0:15:39]} 5. a3 {[%clk 0:15:53]} Be7 {[%clk 0:15:45]}
6. e4 {[%clk 0:16:00]} d6 {[%clk 0:15:08]} 7. Bd3 {[%clk 0:16:06]} Bb7
{[%clk 0:14:58]} 8. O-O {[%clk 0:16:13]} Nbd7 {[%clk 0:14:19]} 9. b4
{[%clk 0:16:20]} e5 {[%clk 0:13:55]} 10. Bb2 {[%clk 0:16:15]} O-O
{[%clk 0:13:38]} 11. Qb3 {[%clk 0:16:24]} exd4 {[%clk 0:13:06]} 12. Nxd4
{[%clk 0:16:33]} Re8 {[%clk 0:13:03]} 13. f4 {[%clk 0:16:36]} Bf8
{[%clk 0:12:34]} 14. Rae1 {[%clk 0:16:45]} a5 {[%clk 0:12:12]} 15. Bb1
{[%clk 0:16:41]} axb4 {[%clk 0:11:42]} 16. axb4 {[%clk 0:16:50]} c5
{[%clk 0:11:39]} 17. bxc5 {[%clk 0:12:32]} Nxc5 {[%clk 0:11:43]} 18. Qh3
{[%clk 0:10:45]} Nfxe4 {[%clk 0:06:36]} 19. Nf5 {[%clk 0:10:18]} d5
{[%clk 0:05:58]} 20. Nxe4 {[%clk 0:09:54]} Nxe4 {[%clk 0:04:17]} 21. Bxe4
{[%clk 0:05:49]} Bc5+ {[%clk 0:03:07]} 22. Kh1 {[%clk 0:05:58]} dxe4
{[%clk 0:03:16]} 23. Nxg7 {[%clk 0:06:07]} Qd6 {[%clk 0:01:29]} 24. Nxe8
{[%clk 0:05:48]} Rxe8 {[%clk 0:01:34]} 25. Rd1 {[%clk 0:03:47]} Qg6
{[%clk 0:01:33]} 26. Qc3 {[%clk 0:03:41]} f6 {[%clk 0:01:27]} 27. Qxf6
{[%clk 0:03:50]} Qxf6 {[%clk 0:01:29]} 28. Bxf6 {[%clk 0:03:59]} e3
{[%clk 0:01:32]} 29. Rfe1 {[%clk 0:04:07]} Kf7 {[%clk 0:00:41]} 30. Be5
{[%clk 0:03:27]} Ke6 {[%clk 0:00:31]} 31. Bd4 {[%clk 0:03:25]} Kf5
{[%clk 0:00:32]} 32. Bxc5 {[%clk 0:02:56]} bxc5 {[%clk 0:00:41]} 33. Rd7
{[%clk 0:03:03]} Ba6 {[%clk 0:00:17]} 34. Rxh7 {[%clk 0:02:42]} Bxc4
{[%clk 0:00:17]} 35. Rh5+ {[%clk 0:02:37]} Ke4 {[%clk 0:00:25]} 36. Rxc5
{[%clk 0:02:20]} Kd3 {[%clk 0:00:27]} 37. Kg1 {[%clk 0:01:57]} Bf7
{[%clk 0:00:12]} 38. Rc7 {[%clk 0:01:29]} Bc4 {[%clk 0:00:11]} 39. Rd7+
{[%clk 0:01:32]} Kc3 {[%clk 0:00:15]} 40. f5 {[%clk 0:01:37]} Re5
{[%clk 0:00:18]} 41. f6 {[%clk 0:01:44]} e2 {[%clk 0:00:24]} 42. g4
{[%clk 0:01:36]} Re4 {[%clk 0:00:26]} 43. g5 {[%clk 0:01:02]} Rg4+
{[%clk 0:00:35]} 44. Kf2 {[%clk 0:01:11]} Rf4+ {[%clk 0:00:44]} 45. Ke3
{[%clk 0:01:14]} Rf5 {[%clk 0:00:46]} 46. f7 {[%clk 0:01:16]} Bxf7
{[%clk 0:00:34]} 47. Rxf7 {[%clk 0:01:16]} Rxf7 {[%clk 0:00:39]} 48. Rxe2
{[%clk 0:01:25]} Rf1 {[%clk 0:00:39]} 49. Rg2 {[%clk 0:01:31]} 1-0

[Event "Turniej Przyjazni Polsko-Wegierskiej"]
[Site "Katowice"]
[Date "2018.05.05"]
[Round "3.4"]
[White "Rawicz, Karol"]
[Black "Klekowski, Maciej"]
[Result "1/2-1/2"]
[BlackElo "2536"]
[WhiteElo "2134"]
[LiveChessVersion "1.4.8"]

1. d4 {[%clk 0:15:18]} Nf6 {[%clk 0:15:19]} 2. c4 {[%clk 0:15:26]} e6
{[%clk 0:15:28]} 3. Nf3 {[%clk 0:15:31]} b6 {[%clk 0:15:36]} 4. g3
{[%clk 0:15:38]} Bb7 {[%clk 0:15:34]} 5. Bg2 {[%clk 0:15:46]} Be7
{[%clk 0:15:43]} 6. O-O {[%clk 0:15:50]} O-O {[%clk 0:15:49]} 7. d5
{[%clk 0:15:45]} exd5 {[%clk 0:15:57]} 8. Nh4 {[%clk 0:15:52]} c6
{[%clk 0:16:00]} 9. cxd5 {[%clk 0:15:55]} Nxd5 {[%clk 0:16:08]} 10. Nf5
{[%clk 0:15:59]} Nc7 {[%clk 0:16:01]} 11. e4 {[%clk 0:15:18]} d5 {[%clk 0:16:09]}
12. Nc3 {[%clk 0:15:18]} Bf6 {[%clk 0:15:57]} 13. Bf4 {[%clk 0:13:12]} Nd7
{[%clk 0:11:52]} 14. exd5 {[%clk 0:10:24]} Nxd5 {[%clk 0:11:42]} 15. Nxd5
{[%clk 0:08:59]} cxd5 {[%clk 0:11:49]} 16. Nd6 {[%clk 0:04:23]} Ba6
{[%clk 0:11:50]} 17. Re1 {[%clk 0:04:31]} Bxb2 {[%clk 0:10:21]} 18. Rb1
{[%clk 0:04:18]} Bc3 {[%clk 0:10:21]} 19. Qxd5 {[%clk 0:03:15]} Bxe1
{[%clk 0:10:09]} 20. Rxe1 {[%clk 0:03:18]} Nf6 {[%clk 0:08:49]} 21. Qxa8
{[%clk 0:03:24]} Qxa8 {[%clk 0:08:56]} 22. Bxa8 {[%clk 0:03:33]} Rxa8
{[%clk 0:09:05]} 23. Re7 {[%clk 0:02:50]} Bd3 {[%clk 0:07:16]} 24. Rxf7
{[%clk 0:02:21]} Bc4 {[%clk 0:06:55]} 25. Rxf6 {[%clk 0:02:18]} gxf6
{[%clk 0:07:04]} 26. Nxc4 {[%clk 0:02:27]} Rc8 {[%clk 0:07:13]} 27. Na3
{[%clk 0:01:12]} Rc5 {[%clk 0:06:41]} 28. Bd2 {[%clk 0:00:51]} Kf7
{[%clk 0:06:17]} 29. Kf1 {[%clk 0:01:00]} b5 {[%clk 0:05:02]} 30. Ke2
{[%clk 0:00:53]} a6 {[%clk 0:05:11]} 31. Kd3 {[%clk 0:00:54]} Rd5+
{[%clk 0:04:58]} 32. Kc2 {[%clk 0:01:03]} Rf5 {[%clk 0:05:04]} 33. Be3
{[%clk 0:01:08]} a5 {[%clk 0:03:34]} 34. Kd3 {[%clk 0:01:02]} Rd5+
{[%clk 0:03:08]} 35. Ke4 {[%clk 0:01:05]} Ke6 {[%clk 0:03:16]} 36. Nc2
{[%clk 0:01:14]} Re5+ {[%clk 0:02:40]} 37. Kd4 {[%clk 0:00:59]} h5
{[%clk 0:02:25]} 38. a3 {[%clk 0:00:58]} Kf5 {[%clk 0:02:21]} 39. h3
{[%clk 0:00:48]} Ke6 {[%clk 0:02:17]} 40. Na1 {[%clk 0:00:48]} Rd5+
{[%clk 0:00:52]} 41. Kc3 {[%clk 0:00:55]} h4 {[%clk 0:00:30]} 42. gxh4
{[%clk 0:01:01]} Rh5 {[%clk 0:00:33]} 43. Nb3 {[%clk 0:01:01]} b4+
{[%clk 0:00:22]} 44. axb4 {[%clk 0:01:07]} axb4+ {[%clk 0:00:31]} 45. Kxb4
{[%clk 0:01:15]} Rxh4+ {[%clk 0:00:41]} 46. Kc3 {[%clk 0:00:54]} Ke5
{[%clk 0:00:30]} 47. Kd3 {[%clk 0:00:29]} Rxh3 {[%clk 0:00:24]} 48. Nd4
{[%clk 0:00:34]} Kd5 {[%clk 0:00:29]} 49. Ne2 {[%clk 0:00:19]} Rh7
{[%clk 0:00:26]} 50. Bf4 {[%clk 0:00:24]} Ra7 {[%clk 0:00:24]} 51. Nc3+
{[%clk 0:00:20]} Ke6 {[%clk 0:00:33]} 52. Be3 {[%clk 0:00:24]} Rb7
{[%clk 0:00:33]} 53. Ke4 {[%clk 0:00:28]} Rh7 {[%clk 0:00:15]} 54. Ne2
{[%clk 0:00:32]} Re7 {[%clk 0:00:14]} 55. Nd4+ {[%clk 0:00:25]} Kf7+
{[%clk 0:00:21]} 56. Kf4 {[%clk 0:00:34]} Re5 {[%clk 0:00:29]} 57. Nf3
{[%clk 0:00:27]} Ra5 {[%clk 0:00:37]} 58. Bd4 {[%clk 0:00:33]} Ke6
{[%clk 0:00:39]} 59. Ke4 {[%clk 0:00:33]} Rh5 {[%clk 0:00:42]} 60. Kf4
{[%clk 0:00:30]} Ra5 {[%clk 0:00:49]} 61. Nd2 {[%clk 0:00:31]} Rf5+
{[%clk 0:00:51]} 62. Ke3 {[%clk 0:00:36]} Rh5 {[%clk 0:00:52]} 63. Ne4
{[%clk 0:00:35]} f5 {[%clk 0:01:00]} 64. Ng3 {[%clk 0:00:41]} Rh4
{[%clk 0:01:07]} 65. Ne2 {[%clk 0:00:41]} Rh3+ {[%clk 0:00:55]} 66. Kf4
{[%clk 0:00:45]} Rh4+ {[%clk 0:01:04]} 67. Kf3 {[%clk 0:00:40]} Re4
{[%clk 0:00:41]} 68. Be3 {[%clk 0:00:47]} Kf6 {[%clk 0:00:27]} 69. Ng3
{[%clk 0:00:43]} Rh4 {[%clk 0:00:25]} 70. Bf4 {[%clk 0:00:42]} Rh7
{[%clk 0:00:31]} 71. Nf1 {[%clk 0:00:32]} Rd7 {[%clk 0:00:25]} 72. Ne3
{[%clk 0:00:32]} Rd4 {[%clk 0:00:32]} 73. Nf1 {[%clk 0:00:15]} Rd7
{[%clk 0:00:39]} 74. Ng3 {[%clk 0:00:24]} Rh7 {[%clk 0:00:33]} 75. Bd2
{[%clk 0:00:32]} Rh4 {[%clk 0:00:39]} 76. Ne2 {[%clk 0:00:18]} Rg4
{[%clk 0:00:37]} 77. Bf4 {[%clk 0:00:26]} Rg7 {[%clk 0:00:38]} 78. Bg3
{[%clk 0:00:34]} Rd7 {[%clk 0:00:43]} 79. Ng1 {[%clk 0:00:39]} Rd3+
{[%clk 0:00:47]} 80. Kg2 {[%clk 0:00:35]} Ra3 {[%clk 0:00:45]} 81. Nh3
{[%clk 0:00:27]} Kg6 {[%clk 0:00:42]} 82. Bf4 {[%clk 0:00:33]} Kf6
{[%clk 0:00:26]} 83. f3 {[%clk 0:00:41]} Ra8 {[%clk 0:00:30]} 84. Bg5+
{[%clk 0:00:40]} Ke5 {[%clk 0:00:25]} 85. Bf4+ {[%clk 0:00:45]} Kf6
{[%clk 0:00:34]} 86. Nf2 {[%clk 0:00:30]} Rg8+ {[%clk 0:00:37]} 87. Kf1
{[%clk 0:00:35]} Rd8 {[%clk 0:00:45]} 88. Be3 {[%clk 0:00:20]} Ra8
{[%clk 0:00:46]} 89. Bd4+ {[%clk 0:00:18]} Kg5 {[%clk 0:00:21]} 90. Be5
{[%clk 0:00:18]} Ra5 {[%clk 0:00:17]} 91. Nd3 {[%clk 0:00:15]} Ra2
{[%clk 0:00:18]} 92. Bb2 {[%clk 0:00:23]} Ra7 {[%clk 0:00:21]} 93. Ke2
{[%clk 0:00:32]} Ra4 {[%clk 0:00:20]} 94. Be5 {[%clk 0:00:38]} Rc4
{[%clk 0:00:24]} 95. Ke3 {[%clk 0:00:45]} Ra4 {[%clk 0:00:30]} 96. Kf2
{[%clk 0:00:14]} Rc4 {[%clk 0:00:29]} 97. Kg3 {[%clk 0:00:17]} Ra4
{[%clk 0:00:36]} 98. f4+ {[%clk 0:00:16]} Kh5 {[%clk 0:00:33]} 99. Ne1
{[%clk 0:00:12]} Ra3+ {[%clk 0:00:19]} 100. Nf3 {[%clk 0:00:20]} Ra4
{[%clk 0:00:18]} 101. Bf6 {[%clk 0:00:22]} Kg6 {[%clk 0:00:13]} 102. Be5
{[%clk 0:00:25]} Kh5 {[%clk 0:00:22]} 103. Nd4 {[%clk 0:00:30]} Ra3+
{[%clk 0:00:31]} 104. Nf3 {[%clk 0:00:20]} Ra4 {[%clk 0:00:36]} 105. Bf6
{[%clk 0:00:26]} Ra3 {[%clk 0:00:42]} 106. Bg5 {[%clk 0:00:33]} Rb3
{[%clk 0:00:44]} 107. Kf2 {[%clk 0:00:34]} Ra3 {[%clk 0:00:51]} 108. Ke2
{[%clk 0:00:16]} Ra2+ {[%clk 0:00:51]} 109. Ke3 {[%clk 0:00:14]} Ra3+
{[%clk 0:00:59]} 110. Kf2 {[%clk 0:00:14]} Ra2+ {[%clk 0:01:07]} 111. Kg3
{[%clk 0:00:12]} Ra3 1/2-1/2

[Event "Turniej Przyjazni Polsko-Wegierskiej"]
[Site "Katowice"]
[Date "2018.05.05"]
[Round "3.5"]
[White "Raszka, Janusz"]
[Black "Omelja, Artem"]
[Result "0-1"]
[BlackElo "2483"]
[WhiteElo "2125"]
[LiveChessVersion "1.4.8"]

1. e4 {[%clk 0:15:16]} e6 {[%clk 0:15:17]} 2. d4 {[%clk 0:15:24]} d5
{[%clk 0:15:25]} 3. Nd2 {[%clk 0:15:31]} Nf6 {[%clk 0:15:33]} 4. e5
{[%clk 0:15:38]} Nfd7 {[%clk 0:15:40]} 5. Bd3 {[%clk 0:15:45]} c5
{[%clk 0:15:48]} 6. c3 {[%clk 0:15:53]} Nc6 {[%clk 0:15:56]} 7. Ne2
{[%clk 0:16:00]} cxd4 {[%clk 0:16:03]} 8. cxd4 {[%clk 0:16:08]} f6
{[%clk 0:16:10]} 9. exf6 {[%clk 0:16:15]} Qxf6 {[%clk 0:16:17]} 10. Nf3
{[%clk 0:16:19]} h6 {[%clk 0:16:25]} 11. O-O {[%clk 0:13:37]} Bd6
{[%clk 0:16:32]} 12. Ng3 {[%clk 0:13:24]} O-O {[%clk 0:16:36]} 13. a3
{[%clk 0:13:27]} Rd8 {[%clk 0:14:19]} 14. Bc2 {[%clk 0:13:16]} Nf8
{[%clk 0:14:24]} 15. Re1 {[%clk 0:12:17]} Bd7 {[%clk 0:14:25]} 16. Nh5
{[%clk 0:11:42]} Qf7 {[%clk 0:14:16]} 17. Ne5 {[%clk 0:11:13]} Nxe5
{[%clk 0:14:22]} 18. dxe5 {[%clk 0:11:21]} Bc5 {[%clk 0:14:29]} 19. Nf4
{[%clk 0:09:22]} Rac8 {[%clk 0:08:55]} 20. b4 {[%clk 0:09:30]} Bb6
{[%clk 0:08:27]} 21. Bd3 {[%clk 0:08:46]} Be8 {[%clk 0:06:32]} 22. Qg4
{[%clk 0:08:41]} Kh8 {[%clk 0:06:16]} 23. Be3 {[%clk 0:08:06]} d4
{[%clk 0:03:48]} 24. Bd2 {[%clk 0:08:14]} g5 {[%clk 0:03:57]} 25. Ne2
{[%clk 0:08:00]} Qh5 {[%clk 0:04:05]} 26. Qxh5 {[%clk 0:07:41]} Bxh5
{[%clk 0:04:13]} 27. f4 {[%clk 0:07:34]} Bg6 {[%clk 0:04:21]} 28. Bxg6
{[%clk 0:06:36]} d3+ {[%clk 0:04:03]} 29. Kh1 {[%clk 0:06:30]} dxe2
{[%clk 0:04:10]} 30. Rxe2 {[%clk 0:06:09]} Nxg6 {[%clk 0:04:13]} 31. fxg5
{[%clk 0:06:16]} h5 {[%clk 0:04:08]} 32. Be3 {[%clk 0:06:06]} Bxe3
{[%clk 0:04:07]} 33. Rxe3 {[%clk 0:06:15]} Rd5 {[%clk 0:04:13]} 34. Kg1
{[%clk 0:06:15]} Kg7 {[%clk 0:04:06]} 35. Rae1 {[%clk 0:06:09]} Rc2
{[%clk 0:04:08]} 36. Rf1 {[%clk 0:05:37]} Rxe5 {[%clk 0:04:03]} 37. Rxe5
{[%clk 0:05:35]} Nxe5 {[%clk 0:04:11]} 38. Re1 {[%clk 0:05:42]} Nd3
{[%clk 0:04:18]} 0-1

[Event "Turniej Przyjazni Polsko-Wegierskiej"]
[Site "Katowice"]
[Date "2018.05.05"]
[Round "3.6"]
[White "Orzech, Dominik"]
[Black "Lukasiewicz, Krzysztof"]
[Result "0-1"]
[BlackElo "2096"]
[WhiteElo "2417"]
[LiveChessVersion "1.4.8"]

1. d4 {[%clk 0:15:19]} Nf6 {[%clk 0:15:19]} 2. Nf3 {[%clk 0:15:28]} d5
{[%clk 0:15:27]} 3. c4 {[%clk 0:15:36]} e6 {[%clk 0:15:36]} 4. Nc3
{[%clk 0:15:44]} Be7 {[%clk 0:15:44]} 5. cxd5 {[%clk 0:15:47]} exd5
{[%clk 0:15:49]} 6. Bg5 {[%clk 0:15:55]} c6 {[%clk 0:15:55]} 7. Qc2
{[%clk 0:16:03]} Nbd7 {[%clk 0:16:02]} 8. e3 {[%clk 0:16:08]} Nh5
{[%clk 0:16:09]} 9. Bxe7 {[%clk 0:16:12]} Qxe7 {[%clk 0:16:17]} 10. Be2
{[%clk 0:16:21]} Ndf6 {[%clk 0:14:15]} 11. O-O {[%clk 0:16:00]} g6
{[%clk 0:14:21]} 12. a3 {[%clk 0:15:37]} Bf5 {[%clk 0:14:10]} 13. Qa4
{[%clk 0:15:38]} O-O {[%clk 0:13:51]} 14. b4 {[%clk 0:15:23]} Ne4
{[%clk 0:13:33]} 15. Nxe4 {[%clk 0:15:22]} Bxe4 {[%clk 0:13:20]} 16. b5
{[%clk 0:15:29]} cxb5 {[%clk 0:12:39]} 17. Qxb5 {[%clk 0:15:33]} Nf6
{[%clk 0:12:13]} 18. Rfc1 {[%clk 0:12:29]} Rac8 {[%clk 0:12:19]} 19. Qb2
{[%clk 0:12:26]} Kg7 {[%clk 0:10:25]} 20. Nd2 {[%clk 0:12:21]} Bf5
{[%clk 0:10:30]} 21. Nb3 {[%clk 0:10:22]} Rfd8 {[%clk 0:10:16]} 22. Na5
{[%clk 0:10:02]} Ne4 {[%clk 0:08:37]} 23. Rxc8 {[%clk 0:07:08]} Bxc8
{[%clk 0:07:42]} 24. Rc1 {[%clk 0:07:14]} Bf5 {[%clk 0:06:07]} 25. Qb4
{[%clk 0:06:18]} Qxb4 {[%clk 0:05:10]} 26. axb4 {[%clk 0:06:27]} Rc8
{[%clk 0:05:19]} 27. Rxc8 {[%clk 0:04:58]} Bxc8 {[%clk 0:05:28]} 28. Kf1
{[%clk 0:04:50]} Kf6 {[%clk 0:05:37]} 29. Ke1 {[%clk 0:04:56]} Ke6
{[%clk 0:05:38]} 30. f3 {[%clk 0:04:51]} Nf6 {[%clk 0:05:13]} 31. Kd2
{[%clk 0:04:56]} Kd6 {[%clk 0:05:22]} 32. Bd3 {[%clk 0:05:01]} b6
{[%clk 0:05:13]} 33. Nb3 {[%clk 0:05:07]} Bd7 {[%clk 0:05:21]} 34. Kc3
{[%clk 0:05:14]} Nh5 {[%clk 0:04:22]} 35. g4 {[%clk 0:04:41]} Ng7
{[%clk 0:04:27]} 36. g5 {[%clk 0:03:38]} Ne6 {[%clk 0:03:49]} 37. h4
{[%clk 0:03:40]} Ng7 {[%clk 0:03:58]} 38. e4 {[%clk 0:03:40]} Ne6
{[%clk 0:03:24]} 39. Nd2 {[%clk 0:01:57]} Nf4 {[%clk 0:03:21]} 40. exd5
{[%clk 0:01:24]} Nxd3 {[%clk 0:02:45]} 41. Ne4+ {[%clk 0:01:33]} Kxd5
{[%clk 0:02:14]} 42. Nf6+ {[%clk 0:01:41]} Ke6 {[%clk 0:01:30]} 43. d5+
{[%clk 0:01:06]} Kd6 {[%clk 0:01:39]} 44. Kxd3 {[%clk 0:01:13]} Bb5+
{[%clk 0:01:48]} 45. Kd4 {[%clk 0:01:18]} Be2 {[%clk 0:01:52]} 46. f4
{[%clk 0:01:15]} Bf3 {[%clk 0:01:59]} 47. b5 {[%clk 0:00:17]} Be2
{[%clk 0:00:42]} 48. Ne4+ {[%clk 0:00:26]} Kd7 {[%clk 0:00:45]} 49. Nc3
{[%clk 0:00:29]} Bf1 {[%clk 0:00:54]} 50. Ke5 {[%clk 0:00:38]} a6
{[%clk 0:00:48]} 51. bxa6 {[%clk 0:00:46]} Bxa6 {[%clk 0:00:57]} 52. Kf6
{[%clk 0:00:53]} Bc4 {[%clk 0:00:33]} 53. Kxf7 {[%clk 0:00:34]} b5
{[%clk 0:00:42]} 54. Kg7 {[%clk 0:00:40]} b4 {[%clk 0:00:52]} 55. Na4
{[%clk 0:00:30]} Bxd5 {[%clk 0:00:37]} 56. Kxh7 {[%clk 0:00:14]} Bf7
{[%clk 0:00:32]} 57. Kg7 {[%clk 0:00:12]} Ke7 {[%clk 0:00:29]} 58. Nc5
{[%clk 0:00:17]} Be8 {[%clk 0:00:21]} 59. Kh6 Kd6 {[%clk 0:00:21]} 60. Nb3
{[%clk 0:00:13]} Ke6 {[%clk 0:00:25]} 61. Nd4+ {[%clk 0:00:19]} Kd5
{[%clk 0:00:34]} 62. Nb3 {[%clk 0:00:27]} Ke4 {[%clk 0:00:40]} 63. h5
{[%clk 0:00:33]} gxh5 {[%clk 0:00:48]} 64. g6 {[%clk 0:00:42]} h4
{[%clk 0:00:33]} 65. Kg5 {[%clk 0:00:32]} h3 {[%clk 0:00:37]} 66. Nd2+
{[%clk 0:00:35]} Kd3 {[%clk 0:00:33]} 67. Nf3 {[%clk 0:00:38]} Bxg6
{[%clk 0:00:29]} 68. Kxg6 {[%clk 0:00:46]} b3 {[%clk 0:00:38]} 69. f5
{[%clk 0:00:34]} b2 {[%clk 0:00:44]} 70. f6 {[%clk 0:00:43]} b1=Q
{[%clk 0:00:51]} 71. f7 {[%clk 0:00:53]} Ke3+ {[%clk 0:00:36]} 72. Kg7
{[%clk 0:01:02]} Qb2+ {[%clk 0:00:43]} 73. Kg8 {[%clk 0:01:06]} Qg2+
{[%clk 0:00:48]} 0-1

[Event "Turniej Przyjazni Polsko-Wegierskiej"]
[Site "Katowice"]
[Date "2018.05.05"]
[Round "3.7"]
[White "Sanz Losada, Victoriano"]
[Black "Hnydiuk, Aleksander"]
[Result "0-1"]
[BlackElo "2408"]
[WhiteElo "2104"]
[LiveChessVersion "1.4.8"]

1. d4 {[%clk 0:15:17]} Nf6 {[%clk 0:15:18]} 2. c4 {[%clk 0:15:24]} c5
{[%clk 0:15:12]} 3. Nf3 {[%clk 0:15:12]} cxd4 {[%clk 0:15:19]} 4. Nxd4
{[%clk 0:15:20]} e6 {[%clk 0:15:27]} 5. Nc3 {[%clk 0:15:11]} Bb4 {[%clk 0:15:35]}
6. Ndb5 {[%clk 0:13:56]} O-O {[%clk 0:15:03]} 7. a3 {[%clk 0:13:53]} Bxc3+
{[%clk 0:13:42]} 8. Nxc3 {[%clk 0:14:00]} d5 {[%clk 0:13:35]} 9. Bg5
{[%clk 0:11:34]} h6 {[%clk 0:12:09]} 10. Bh4 {[%clk 0:10:43]} d4 {[%clk 0:11:21]}
11. Ne4 {[%clk 0:09:20]} g5 {[%clk 0:11:14]} 12. Nxf6+ {[%clk 0:09:28]} Qxf6
{[%clk 0:11:22]} 13. Bg3 {[%clk 0:09:36]} Nc6 {[%clk 0:10:06]} 14. h4
{[%clk 0:09:07]} e5 {[%clk 0:08:45]} 15. hxg5 {[%clk 0:09:15]} hxg5
{[%clk 0:08:54]} 16. e3 {[%clk 0:08:24]} Bf5 {[%clk 0:07:15]} 17. Qh5
{[%clk 0:05:51]} Rad8 {[%clk 0:05:49]} 18. Qh6 {[%clk 0:04:32]} Qxh6
{[%clk 0:04:30]} 19. Rxh6 {[%clk 0:04:40]} f6 {[%clk 0:04:21]} 20. O-O-O
{[%clk 0:04:29]} Kg7 {[%clk 0:04:12]} 21. Rh1 {[%clk 0:04:21]} dxe3
{[%clk 0:01:11]} 22. Rxd8 {[%clk 0:01:47]} Rxd8 {[%clk 0:01:20]} 23. fxe3
{[%clk 0:01:54]} Na5 {[%clk 0:01:29]} 24. b4 {[%clk 0:02:02]} Nxc4
{[%clk 0:01:33]} 25. Bxc4 {[%clk 0:01:54]} Rc8 {[%clk 0:01:42]} 26. Kb2
{[%clk 0:01:25]} Rxc4 {[%clk 0:01:50]} 27. Rc1 {[%clk 0:00:25]} Rxc1
{[%clk 0:00:34]} 28. Kxc1 {[%clk 0:00:34]} Be4 {[%clk 0:00:44]} 29. Kd2
{[%clk 0:00:42]} Kg6 {[%clk 0:00:53]} 30. Ke2 {[%clk 0:00:36]} Bxg2
{[%clk 0:01:00]} 31. Kd3 {[%clk 0:00:45]} Kf5 {[%clk 0:01:07]} 32. Bf2
{[%clk 0:00:35]} Bf1+ {[%clk 0:01:08]} 33. Kd2 {[%clk 0:00:27]} Ke4
{[%clk 0:01:17]} 34. Ke1 {[%clk 0:00:35]} Bb5 {[%clk 0:01:15]} 35. Bg1
{[%clk 0:00:35]} Kf3 {[%clk 0:01:09]} 36. e4 {[%clk 0:00:25]} a6 {[%clk 0:01:15]}
37. Bc5 {[%clk 0:00:32]} Kxe4 {[%clk 0:01:18]} 38. Kf2 {[%clk 0:00:40]} f5
{[%clk 0:01:21]} 39. Be7 {[%clk 0:00:47]} g4 {[%clk 0:01:23]} 40. Bd6
{[%clk 0:00:52]} f4 {[%clk 0:01:31]} 0-1